El aire en que vivimos : (Registro nro. 11583)

Detalles MARC
000 -LIDER
fixed length control field 00781nam a22002417a 4500
001 - NÚMERO DE CONTROL
Identificador de número de control 000559
003 - IDENTIFICACDOR DE NÚMERO DE CONTROL
control field DO-SdBNP
005 - DATE AND TIME OF LATEST TRANSACTION
control field 20171214105436.0
007 - CAMPOS FIJOS DE DESCRIPCIÓN FÍSICA
fixed length control field 000559
008 - ELEMENTOS DE LONGITUD FIJA
fixed length control field 161017b 1972 mx a ||||| |||| 00| 0 spa d
040 ## - FUENTE DE CATALOGACIÓN
Agencia que crea de manera original el registro BPMSU
Idioma de catalogación spa
Agencia que realiza la transcripción BPMSU
082 ## - NÚMERO DE CLASIFICACIÓN DECIMAL DE DEWEY
Classification number xxxxx
Item number xxxxx
100 1# - ASIENTO PRINCIPAL -- NOMBRE PERSONAL
Nombre personal Marshall, James
245 10 - MENCIÓN DE TITULO
Título El aire en que vivimos :
Subtítulo la contaminación del aire ; qué debemos hacer para combatirlo.
Mención de responsabilidad James Marshall ; asesor: Matthew Brennan ; traductora María Oritz.
260 ## - PUBLICACIÓN, DISTRIBUCIÓN, ETC. (PIE DE IMPRENTA)
Lugar de publicación, distribución, etc México :
Nombre del editor, distribuidor, etc. Diana,
Fecha de publicación, distribución, etc 1972.
300 ## - DESCRIPCIÓN FÍSICA
Extensión 127 p. :
Otros detalles físicos il. ;
Dimensiones 18 cm.
490 1# - MENCIÓN DE SERIES
Mención de serie Moderna
Volume/sequential designation 148
700 1# - ASIENTO SECUNDARIO -- NOMBRE PERSONAL
Nombre personal Brennan, Matthew
830 #0 - ASIENTO SECUNDARIO DE SERIE--TÍTULO UNIFORME
Título uniforme Moderna ;
Volume number/sequential designation 148
942 ## - ADDED ENTRY ELEMENTS (KOHA)
Source of classification or shelving scheme Dewey Decimal Classification
Koha item type Libros
945 ## - INFORMACIÓN DE PROCESAMIENTO LOCAL
Información de procesamiento local inventariado extranjero / DG
956 ## - LOCAL ELECTRONIC LOCATION AND ACCESS (OCLC)
Método de acceso LOPEREZ
Materiales especificados 10
Enlace 20161017
Campo enlazado y núm. de secuencia BPMSU
Nombre de host 00041
Existencias
Withdrawn status Lost status Source of classification or shelving scheme Damaged status Not for loan Collection code Home library Current library Date acquired Source of acquisition Total Checkouts Barcode Date last seen Price effective from Koha item type
    Dewey Decimal Classification     Colección General Biblioteca Pública Metropolitana Salomé Ureña Biblioteca Pública Metropolitana Salomé Ureña 10/17/2016 Donación   BPMSU16100214 10/17/2016 10/17/2016 Libros